Les pays contenant beaucoup de catholiques (entre 80 % et 90 %) - Statistiques

Statistiques générales
  • Ce quiz a été pris 96 fois
    92 depuis la dernière actualisation
  • Le résultat moyen est 4 sur 12
Statistiques - réponses
Hint Réponse % Correct
81,0 % Portugal
64%
82,7 % Mexique
59%
86,7 % Pologne
42%
81,6 % Bolivie
41%
83,6 % Pérou
41%
88,5 % Équateur
31%
85,7 % Paraguay
27%
82,0 % Irlande
24%
84,8 % Slovénie
17%
87,6 % Luxembourg
14%
80,9 % Philippines
14%
80,0 % République dominicaine
6%
Aucun quiz correspondant
Distribution des résultats
% des personnes avec chaque résultat
Percentile par nombre de réponses
Votre historique - résultats
Vous n’avez pas pris ce quiz depuis la dernière actualisation